|
|
|
|
| LEADER |
01545nam a2200277 a 4500 |
| 001 |
3590201 |
| 008 |
091124s1968 nyuab b 001 0 eng d |
| 010 |
|
|
|a \\\67024960
|
| 040 |
|
|
|a DLC
|c DLC
|d DLC
|
| 082 |
0 |
0 |
|a 330.9
|2 17
|
| 100 |
1 |
|
|a Thoman, Richard S.,
|d 1919-
|
| 245 |
1 |
4 |
|a The geography of economic activity /
|c by Richard S. Thoman, Edgar C. Conkling and Maurice H. Yeates. Cartography by Henry W. Castner.
|
| 260 |
|
|
|a New York :
|b McGraw-Hill,
|c 1968.
|
| 300 |
|
|
|a xii, 561 p. :
|b illus. (part col.), maps (part col.) ;
|c 26 cm.
|
| 490 |
0 |
|
|a McGraw-Hill series in geography
|
| 504 |
|
|
|a Includes bibliographical references and index.
|
| 541 |
1 |
|
|e 00015340
|
| 650 |
|
0 |
|a Economic geography.
|
| 700 |
1 |
|
|a Conkling, Edgar C.,
|e joint author.
|
| 700 |
1 |
|
|a Yeates, Maurice,
|e joint author.
|
| 852 |
4 |
|
|a Ayesha Abed Library
|j General shelf
|
| 999 |
|
|
|c 7152
|d 7152
|
| 952 |
|
|
|0 0
|1 0
|2 ddc
|4 1
|6 330_900000000000000_THO_1968
|7 0
|9 7434
|a BRACUL
|b BRACUL
|c SPS
|d 2010-01-25
|l 2
|m 29
|o 330.9 THO
|p 3010015340
|r 2019-01-23
|s 2018-10-24
|t 1
|w 2010-01-25
|y BK
|
| 952 |
|
|
|0 0
|1 0
|2 ddc
|4 1
|6 330_900000000000000_THO_1968
|7 0
|9 7435
|a BRACUL
|b BRACUL
|c SPS
|d 2010-01-25
|l 3
|m 12
|o 330.9 THO
|p 3010015339
|r 2014-04-28
|s 2014-02-27
|t 2
|w 2010-01-25
|y BK
|
| 952 |
|
|
|0 0
|1 0
|2 ddc
|4 1
|6 330_900000000000000_THO_1968
|7 0
|9 7832
|a BRACUL
|b BRACUL
|c SPS
|d 2010-02-08
|l 2
|m 11
|o 330.9 THO
|p 3010015337
|r 2015-05-11
|s 2012-05-23
|t 3
|w 2010-02-08
|y BK
|
| 952 |
|
|
|0 0
|1 0
|2 ddc
|4 1
|6 330_900000000000000_THO_1968
|7 0
|9 8005
|a BRACUL
|b BRACUL
|c SPS
|d 2010-02-10
|l 1
|o 330.9 THO
|p 3010015338
|r 2017-05-02
|s 2017-01-03
|t 4
|w 2010-02-10
|y BK
|